000 00763 a2200193 4500
003 UA-OsUOA
005 20240701143934.0
008 240701b un ||||| |||| 00| 0 ukr d
040 _bukr
_cUA-OsUOA
080 _a341.8(477)(038)
090 _a341.8(477)(038)
_bД58
245 _aДовідник інформаційних матеріалів з консульської тематики для громадян України
260 _aК.
_bПосольство України у США
_c2007
300 _a112 с.
650 _a341.8 Консульське право
_93539
942 _cBK
_2udc
955 _a7
999 _c576728
_d576728